Lectures on the logic of computer programming /

Bibliographic Details
Main Author: Manna, Zohar
Format: Book
Language:English
Published: Philadelphia, Pa. : Society for Industrial and Applied Mathematics, 1980.
Series:CBMS-NSF regional conference series in applied mathematics ; 31.
Subjects:
Online Access:Publisher description
Table of contents only

MARC

Tag First Indicator Second Indicator Subfields
LEADER 00000cam a2200000 i 4500
001 in00000086919
005 20151008064628.0
008 800723s1980 pau b 000 0 eng
010 |a  79093153  
020 |a 0898711649 
020 |a 9780898711646 
029 1 |a NLGGC  |b 802223745 
035 |a (OCoLC)ocm06473326 
035 |9 AAK4518AM 
035 |a (OCoLC)6473326 
040 |a DLC  |c DLC  |d MUQ  |d BAKER  |d NLGGC  |d BTCTA  |d TXA  |d UtOrBLW 
049 |a TXAM 
050 0 0 |a QA76.6  |b .M3559 
082 0 0 |a 001.64/2  |2 19 
084 |a 54.51  |2 bcl 
090 |a QA76.6  |b .M3559 1980 
100 1 |a Manna, Zohar. 
245 1 0 |a Lectures on the logic of computer programming /  |c Zohar Manna. 
264 1 |a Philadelphia, Pa. :  |b Society for Industrial and Applied Mathematics,  |c 1980. 
300 |a iv, 49 pages ;  |c 25 cm. 
336 |a text  |b txt  |2 rdacontent 
337 |a unmediated  |b n  |2 rdamedia 
338 |a volume  |b nc  |2 rdacarrier 
490 1 |a CBMS-NSF regional conference series in applied mathematics ;  |v 31 
500 |a "Based on lectures given by author at Rensselaer Polytechnic Institute"--Back cover. 
504 |a Bibliography: page 49. 
650 0 |a Computer programming. 
650 0 |a Logic, Symbolic and mathematical. 
650 6 |a Programmation (Informatique) 
650 6 |a Logique symbolique et mathématique. 
830 0 |a CBMS-NSF regional conference series in applied mathematics ;  |v 31. 
856 4 2 |3 Publisher description  |u http://www.loc.gov/catdir/enhancements/fy0726/79093153-d.html  |t 0 
856 4 1 |3 Table of contents only  |u http://www.loc.gov/catdir/enhancements/fy0726/79093153-t.html  |t 0 
938 |a Baker & Taylor  |b BKTY  |c 28.50  |d 28.50  |i 0898711649  |n 0000579345  |s active 
938 |a Baker and Taylor  |b BTCP  |n 79093153 //r872  |c $7.50 ($6.00 to members) 
994 |a C0  |b TXA 
948 |a cataloged  |b h  |c 2007/6/26  |d c  |e jlanham  |f 2:24:02 pm 
999 |a MARS 
999 f f |s d813c453-f1d3-3be8-83c8-d7c29a362d00  |i 9ab6dcc8-5224-3e38-946a-f558ba5035b8  |t 0 
952 f f |p ric  |a Texas A&M University  |b Rellis Campus  |c Joint Library Facility  |s JLF  |d Remote Storage  |t 0  |e QA76.6 .M3559 1980  |h Library of Congress classification  |i unmediated -- volume  |m A14836332911 
998 f f |a QA76.6 .M3559 1980  |t 0  |l Remote Storage